Mexican design

Gespeichert in:
Bibliographische Detailangaben
Format: Buch
Veröffentlicht: Köln : daab, 2005
Tags: Tag hinzufügen
Keine Tags, Fügen Sie das erste Tag hinzu!

MARC

LEADER 00000nam a22000003a 4500
001 stu246724
005 20150408182940.8
008 120521s2005----gw----------------------d
020 |a 3-937718-52-4 
040 |a STU  |b slo 
041 0
044 |a gw 
245 |a Mexican design 
260 |a Köln :  |b daab,  |c 2005 
300 |a 399 s 
996 |b 284V032397  |c V*51549/O-23026  |l VVT  |s A  |a 24  |w stu246724_0001